Light Zone City Light Planning in the Urban Context (Record no. 5274)

000 -LEADER
fixed length control field 00305nam a2200109Ia 4500
008 - FIXED-LENGTH DATA ELEMENTS--GENERAL INFORMATION
fixed length control field 200302s9999 xx 000 0 und d
100 ## - MAIN ENTRY--PERSONAL NAME
Personal name Christa Van Santen
245 ## - TITLE STATEMENT
Title Light Zone City Light Planning in the Urban Context
260 ## - PUBLICATION, DISTRIBUTION, ETC.
Name of publisher, distributor, etc. Birkhauser Publishers for Architecture
260 ## - PUBLICATION, DISTRIBUTION, ETC.
Date of publication, distribution, etc. 2006
300 ## - PHYSICAL DESCRIPTION
Extent 127
Holdings
Withdrawn status Lost status Damaged status Not for loan Permanent Location Current Location Date acquired Cost, normal purchase price Total Checkouts Full call number Barcode Date last seen Date last checked out Price effective from Koha item type Source of classification or shelving scheme
        BMS College of Architecture, Design and Planning BMS College of Architecture, Design and Planning 2020-03-03 4291.40 1 729.28 CL-PG21302 2023-10-18 2023-10-09 2020-03-03 PG Books from CL  
        BMS College of Architecture, Design and Planning BMS College of Architecture, Design and Planning 2021-01-09     729.28CHR AR-PG365 2021-01-09   2021-01-09 PG Books  
Copyright © 2025, The Librarian, Library and Information Centre, BMSCA D&P, Bengaluru. All Rights Reserved
web counter

Powered by Koha